1563 1700 1870 1608 1641 1023 1059 1632 1908 1330 1846 1488 1071 1004 1226 1436 1418 1085 1720 1195 1740 1421 1661 1709 1267 1142 1425 1774 1280 1988 1810 1296 1560 1515 1073 1639 1929 1613 1112 1156 1360 1493 1931 1281 1045 1717 1692 1083 1394 1530 1308 1281 1229 1827 1215 1721 1282 1360 1482 1424 1910 1382 1154 1853 1063 1016 1552 1610 1192 1122 1419 1983 1058 1915 1985 1067 1479 1495 1915 1182 1731 1351 1497 1064 1396 1097 1030 1516 1423 1629 1769 1301 1145 1882 1143 1039 1262 1157 1350 BCNSPRNW ULIB Ver.6.0+V

เปลี่ยนเป็นภาษาไทย

Change to English
 แสดงรายละเอียดบรรณานุกรม
  กลับหน้าหลัก

Brief Record : Get Marc (ISO 2709) : E-mail record : QR code < ปิดหน้าต่าง
LEADER : 00000nam 2200000uu 4500
001    13399120881
003     ULIB
008    020711s2550 th a 000 0 tha d
020    9789748290713
050    DS586 ป551ค
100    ปารเมศร์ รัชไชยบุญ
245    ความสุขของพระมหากษัตริย์
250    พิมพ์ครั้งที่ 1
260    กรุงเทพฯ :^bกรีน-ปัญญาญาณ,^c2550
945    ^p150^l0^i14829
999    ^aทศพร เกษรทอง
รายการนี้ยังไม่มีแท็ก
คุณยังไม่ได้ล็อกอิน คุณสามารถมีกิจกรรมร่วมกับเว็บไซต์ได้ แต่ต้องล็อกอินก่อน ::
  ล็อกอิน

รายการสื่อสารสนเทศ

ลำดับที่ ประเภท เลขเรียก/บาร์โค้ด สถานที่ สถานะ
1. วิทยาศาสตร์การแพทย์ และสุขภาพ
วิทยาศาสตร์การแพทย์ และสุขภาพ
DS586 ป551ค  
  Barcode: 14829
ห้องสมุดวิทยาเขตสวรรค์ประชารักษ์
►หนังสือทั่วไป
บนชั้น

BibComment


ยังไม่เคยถูกคอมเมนท์

คอมเมนท์ทรัพยากรรายการนี้
  คอมเมนท์: ความสุขของพระมหาก..


 Copyright 2026. Bcnsprnw @Library